तुळसा (Record no. 326823)

MARC details
000 -LEADER
fixed length control field 00423nam a2200157Ia 4500
008 - FIXED-LENGTH DATA ELEMENTS--GENERAL INFORMATION
fixed length control field 090711s9999 xx 000 0 und d
082 ## - DEWEY DECIMAL CLASSIFICATION NUMBER
Item number 69161
100 ## - MAIN ENTRY--PERSONAL NAME
Personal name मेहता शशिकला
245 ## - TITLE STATEMENT
Title तुळसा
260 ## - PUBLICATION, DISTRIBUTION, ETC. (IMPRINT)
Date of publication, distribution, etc 1991
600 ## - SUBJECT ADDED ENTRY--PERSONAL NAME
Personal name मेहता शशिकला
630 ## - SUBJECT ADDED ENTRY--UNIFORM TITLE
Uniform title तुळसा
700 ## - ADDED ENTRY--PERSONAL NAME
Personal name मेहता शशिकला
730 ## - ADDED ENTRY--UNIFORM TITLE
Uniform title तुळसा
942 ## - ADDED ENTRY ELEMENTS (KOHA)
Koha item type Book

No items available.